Hormones and reproductive behavior : (Record no. 143296)

MARC details
000 -LEADER
fixed length control field 01257cam a2200409 i 4500
001 - CONTROL NUMBER
control field ocm04776894
003 - CONTROL NUMBER IDENTIFIER
control field 0
005 - DATE AND TIME OF LATEST TRANSACTION
control field 20230123133130.0
008 - FIXED-LENGTH DATA ELEMENTS--GENERAL INFORMATION
fixed length control field 790130s1979 caua b 001 0 eng
010 ## - LIBRARY OF CONGRESS CONTROL NUMBER
LC control number 79001192
016 7# - NATIONAL BIBLIOGRAPHIC AGENCY CONTROL NUMBER
Record control number 8003793
Source DNLM
019 ## -
-- 6277037
020 ## - INTERNATIONAL STANDARD BOOK NUMBER
International Standard Book Number 0716710935
-- 0716710943
-- pbk.
029 1# - OTHER SYSTEM CONTROL NUMBER (OCLC)
OCLC library identifier NLM
System control number 8003793
035 ## - SYSTEM CONTROL NUMBER
-- H130
040 ## - CATALOGING SOURCE
Original cataloging agency DLC
Transcribing agency NUST
Modifying agency OCL
-- NLM
-- OCL
049 ## - LOCAL HOLDINGS (OCLC)
Holding library MAIN
060 00 - NATIONAL LIBRARY OF MEDICINE CALL NUMBER
Classification number WK 900
Item number H814 1979
090 ## - LOCALLY ASSIGNED LC-TYPE CALL NUMBER (OCLC); LOCAL CALL NUMBER (RLIN)
Classification number (OCLC) (R) ; Classification number, CALL (RLIN) (NR) QP572.S4
245 00 - TITLE STATEMENT
Title Hormones and reproductive behavior :
Remainder of title readings from Scientific American /
Statement of responsibility, etc. with introds. by Rae Silver, Harvey H. Feder.
260 ## - PUBLICATION, DISTRIBUTION, ETC.
Place of publication, distribution, etc. San Francisco :
Name of publisher, distributor, etc. W.H. Freeman,
Date of publication, distribution, etc. c1979.
300 ## - PHYSICAL DESCRIPTION
Extent viii, 181 p. :
Other physical details ill. ;
Dimensions 30 cm.
504 ## - BIBLIOGRAPHY, ETC. NOTE
Bibliography, etc. note Bibliography: p. [169]-172.
500 ## - GENERAL NOTE
General note Includes index.
650 #0 - SUBJECT ADDED ENTRY--TOPICAL TERM
Topical term or geographic name entry element Hormones, Sex.
650 #0 - SUBJECT ADDED ENTRY--TOPICAL TERM
Topical term or geographic name entry element Reproduction.
650 #0 - SUBJECT ADDED ENTRY--TOPICAL TERM
Topical term or geographic name entry element Sexual behavior in animals.
650 #0 - SUBJECT ADDED ENTRY--TOPICAL TERM
Topical term or geographic name entry element Sex.
650 #2 - SUBJECT ADDED ENTRY--TOPICAL TERM
Topical term or geographic name entry element Reproduction
Form subdivision collected works.
650 #2 - SUBJECT ADDED ENTRY--TOPICAL TERM
Topical term or geographic name entry element Sex Behavior
Form subdivision collected works.
650 #2 - SUBJECT ADDED ENTRY--TOPICAL TERM
Topical term or geographic name entry element Sex Behavior, Animal
Form subdivision collected works.
650 #2 - SUBJECT ADDED ENTRY--TOPICAL TERM
Topical term or geographic name entry element Sex Hormones
Form subdivision collected works.
730 0# - ADDED ENTRY--UNIFORM TITLE
Uniform title Scientific American.
907 ## - LOCAL DATA ELEMENT G, LDG (RLIN)
a .b10015334
b 17-04-03
c 17-04-03
994 ## -
-- 92
-- ZNA
942 ## - ADDED ENTRY ELEMENTS (KOHA)
Koha item type Ordinary Loan Books
Call number prefix QP572.S4
Holdings
Date last seen Total Checkouts Full call number Barcode Cost, replacement price Price effective from Koha item type Lost status Source of classification or shelving scheme Damaged status Not for loan Collection Withdrawn status Home library Current library Shelving location Date acquired Cost, normal purchase price
01/23/2023   QP572.S4 HOR 92003002938 80.00 01/23/2023 BOOKS   LCC     NFIC   MAIN MAIN GEN 01/23/2023 80.00